LIBRARY & INFORMATION CENTRE, KCAET, TAVANUR

ONLINE PUBLIC ACCESS CATALOGUE (OPAC)

Solving Problems in Food Engineering. (Record no. 13705)

MARC details
000 -LEADER
fixed length control field 00457cam a22001577a 4500
020 ## - INTERNATIONAL STANDARD BOOK NUMBER
ISBN 9780387735139 (pbk.)
020 ## - INTERNATIONAL STANDARD BOOK NUMBER
ISBN 0387735135 (pbk.)
082 00 - DEWEY DECIMAL CLASSIFICATION NUMBER
Classification number 664
Item number YAN/SO
100 1# - MAIN ENTRY--AUTHOR NAME
Personal name Yanniotis, Stavros
245 10 - TITLE STATEMENT
Title Solving Problems in Food Engineering.
260 ## - PUBLICATION, DISTRIBUTION, ETC. (IMPRINT)
Place of publication New York :
Name of publisher Springer,
Year of publication 2008.
300 ## - PHYSICAL DESCRIPTION
Number of Pages xi, 297 p. :
Other physical details ill. ;
Accompanying material 1 CD-ROM (4 3/4 in.)
490 ## - SERIES STATEMENT
Series statement Food Engineering Series
650 #0 - SUBJECT ADDED ENTRY--TOPICAL TERM
Topical Term Food industry and trade.
942 ## - ADDED ENTRY ELEMENTS (KOHA)
Koha item type Books
Holdings
Withdrawn status Lost status Damaged status Collection code Home library Current library Shelving location Date acquired Source of acquisition Cost, normal purchase price Full call number Accession Number Koha item type
      Reference KAUAET KAUAET General Stacks 31/03/2012 International Books and periodical supply service, New Delhi 4124.00 664 YAN/SO 23540 Books
        KAUAET KAUAET General Stacks 23/07/2016 Cosmo Book s, Calicut. 5143.71 664 YAN/SO 24737 Books
free website counter